Bhas ek lipi anek: Konkani (Record no. 233728)
[ view plain ]
| 000 -LEADER | |
|---|---|
| fixed length control field | 00765nam a22002177a 4500 |
| 005 - DATE AND TIME OF LATEST TRANSACTION | |
| control field | 20250506121730.0 |
| 008 - FIXED-LENGTH DATA ELEMENTS--GENERAL INFORMATION | |
| fixed length control field | 250207b ||||| |||| 00| 0 eng d |
| 040 ## - CATALOGING SOURCE | |
| Transcribing agency | AL |
| 041 ## - LANGUAGE CODE | |
| Language code of text/sound track or separate title | Konkani /Devanāgarī |
| 082 ## - DEWEY DECIMAL CLASSIFICATION NUMBER | |
| Edition number | 23 |
| Item number | QUAK |
| Classification number | 491.46 |
| 100 ## - MAIN ENTRY--PERSONAL NAME | |
| Personal name | Valley Quadros |
| 100 ## - MAIN ENTRY--PERSONAL NAME | |
| 9 (RLIN) | 209448 |
| 100 ## - MAIN ENTRY--PERSONAL NAME | |
| Numeration | ಕ್ವಾಡ್ರಸ್ (ವಲ್ಲಿ) |
| 9 (RLIN) | 209449 |
| 245 ## - TITLE STATEMENT | |
| Title | Bhas ek lipi anek: Konkani |
| Remainder of title | ಭಾಸ್ ಏಕ್ ಲಿಪಿ ಅನೇಕ್: KOಕणी |
| 260 ## - PUBLICATION, DISTRIBUTION, ETC. | |
| Place of publication, distribution, etc. | Maharashtra |
| Name of publisher, distributor, etc. | Ashavadi Prakashana |
| Date of publication, distribution, etc. | 2025 |
| 300 ## - PHYSICAL DESCRIPTION | |
| Extent | 72 p. |
| Other physical details | PB |
| Dimensions | 21x13.5 cm. |
| 365 ## - TRADE PRICE | |
| Price type code | AP-J-04 |
| Price amount | ₹120.00 |
| Currency code | ₹ |
| Unit of pricing | ₹150.00 |
| Price note | 20% |
| Price effective from | 20-01-2025 |
| 650 ## - SUBJECT ADDED ENTRY--TOPICAL TERM | |
| Topical term or geographic name entry element | Konkani Grammer |
| 9 (RLIN) | 198329 |
| 650 ## - SUBJECT ADDED ENTRY--TOPICAL TERM | |
| Topical term or geographic name entry element | Lipyontoronn-Tantrikata |
| 9 (RLIN) | 198330 |
| 650 ## - SUBJECT ADDED ENTRY--TOPICAL TERM | |
| Topical term or geographic name entry element | KVADRAS (Valli). |
| 9 (RLIN) | 198354 |
| 942 ## - ADDED ENTRY ELEMENTS (KOHA) | |
| Source of classification or shelving scheme | Dewey Decimal Classification |
| Koha item type | Book |
| Withdrawn status | Lost status | Source of classification or shelving scheme | Damaged status | Not for loan | Collection code | Home library | Current library | Date acquired | Source of acquisition | Cost, normal purchase price | Total Checkouts | Full call number | Barcode | Date last seen | Cost, replacement price | Price effective from | Koha item type |
|---|---|---|---|---|---|---|---|---|---|---|---|---|---|---|---|---|---|
| Dewey Decimal Classification | Konkani | St Aloysius Library | St Aloysius Library | 02/04/2025 | Ashawadi Prakashan Maharashtra-400701 | 120.00 | 491.46 QUAK | 077570 | 02/07/2025 | 150.00 | 02/07/2025 | Book | |||||
| Dewey Decimal Classification | Konkani | St Aloysius Library | St Aloysius Library | 02/04/2025 | Ashawadi Prakashan Maharashtra-400701 | 120.00 | 491.46 QUAK | 077571 | 02/07/2025 | 150.00 | 02/07/2025 | Book | |||||
| Dewey Decimal Classification | Konkani | St Aloysius Library | St Aloysius Library | 02/04/2025 | Ashawadi Prakashan Maharashtra-400701 | 120.00 | 491.46 QUAK | 077572 | 02/07/2025 | 150.00 | 02/07/2025 | Book |